Ereignisse der Geschichte #4 - Statistiken

Allgemein
  • Dieses Quiz wurde 9.935 mal gespielt
  • Das Durchschnittsergebnis liegt bei 10 aus 22
Antwortstatistiken
Datum Jahr Ereignis % Korrekt
- 2014 Russland annektiert die {Krim}-Halbinsel
94%
29. Apr. 1945 Adolf Hitler heiratet {Eva} {Braun}
81%
30. März 1867 Die USA kaufen {Alaska} von Russland
77%
6. Mai 1937 Der Zeppelin {Hindenburg} fängt Feuer
76%
1. Juli 1997 Großbritannien gibt {Hongkong} an China zurück
72%
14. Dez. 1911 Amundsen erreicht den {Südpol}
60%
9. Jul 1762 {Katharina} die Große wird Zarin
59%
10. Apr. 1998 Karfreitagsabkommen in Nord{irland}
48%
- 1099 Kreuzfahrer erobern die Stadt {Jerusalem}
44%
- 1662 Letzte Sichtung des {Dodo}-Vogels
44%
18. Jan. 1788 First Fleet von Verurteilen kommt in {Australien} an
42%
- 146 v.C. Die Stadt {Karthago} wird im Dritten Punischen Krieg zerstört
39%
2. März 1836 {Texas} erklärt die Unabhängigkeit von Mexiko
39%
- 334 v.C. Alexander erobert {Persien}
38%
24. Nov. 1859 Darwin's "Über die Entstehung der {Arten}" wird veröffentlicht
37%
Mai 337 Kaiser {Konstantin} wird getauft
36%
1. Mai 1876 Victoria ernennt sich zur Kaiserin von {Indien}
35%
12. März 1930 {Gandhi} marschiert zum Ozean um Salz zu erhalten
33%
2. Mai 1927 {Lindbergh} gelingt der erste Nonstopflug über den Atlantik
22%
16. Mai 1966 Mao verkündet den Start der {Kultur}revolution
19%
13. Mai 1888 {Brasilien} schafft die Sklaverei ab
15%
16. Aug. 1896 Start des {Klondike}-Goldrausches
13%
Keine übereinstimmenden Quizze gefunden
Verteilung der Resultate
Anzahl Personen mit jedem Resultat
Perzentil nach korrekt beantworteten Fragen
Ihre Resultats-Entwicklung
Sie haben dieses Quiz noch nicht gespielt